000
00321 a2200145 4500
001
194758
040
_c
Magnum
100
_a
Heck, Lenira Almeida
240
1
0
_a
No reino das letras felizes
_l
por
245
1
0
_a
No reino das letras felizes
300
_a
14
362
0
_a
2007
697
_a
LITERATURA GERAL
942
_c
BK
999
_c
194758
_d
194758